Normal view
MARC view
- التربية الاسلامية- الاخلاق الاسلامية
Entry Topical Term
001 - CONTROL NUMBER
- control field: 10217
003 - CONTROL NUMBER IDENTIFIER
- control field: JO-AjAnu
005 - DATE AND TIME OF LATEST TRANSACTION
- control field: 20230606071936.0
008 - FIXED-LENGTH DATA ELEMENTS
- fixed length control field: 230606|| aca||aabn | a|a d
040 ## - CATALOGING SOURCE
- Original cataloging agency: JO-AjAnu
- Transcribing agency: JO-AjAnu
150 ## - HEADING--TOPICAL TERM
- Topical term or geographic name entry element: التربية الاسلامية- الاخلاق الاسلامية
670 ## - SOURCE DATA FOUND
- Source citation: Work cat.: (JO-AjAnu)5262: جمع وترتيب: فريد، أحمد ، تحقيق: ماجد بن أبي الليل, author 10216, تزكية النفوس وتربيتها كما يقرره علماء السلف: ابن رجب الحنبلي، ابن القيم،أبي حامد الغزالي